| 000 | 00449 a2200181 4500 | ||
|---|---|---|---|
| 001 | 77519 | ||
| 020 | _a9788120340114 | ||
| 082 | _a004 RAJ | ||
| 090 |
_c39321 _d39321 |
||
| 100 | _aV Rajaraman | ||
| 245 |
_aFundamentals of Computers 5th/Ed _cV Rajaraman _hEnglish |
||
| 250 | _a5 th | ||
| 260 |
_aNew delhi _bPHI Learning _c2010 |
||
| 300 | _axii 438 p | ||
| 500 | _aDOS BS Reference Books | ||
| 505 | _aGifted Books | ||
| 600 | _aComputer | ||
| 942 |
_a004 RAJ _k004 RAJ _cBS |
||
| 999 |
_c312592 _d312592 |
||